书目信息 |
| 题名: |
电动力学题解
|
|
| 作者: | 张之翔 编著 | |
| 分册: | ||
| 出版信息: | 北京 科学出版社 1999.80 |
|
| 页数: | 543 | |
| 开本: | 16开 | |
| 丛书名: | ||
| 单 册: | ||
| 中图分类: | O442-44 | |
| 科图分类: | ||
| 主题词: | 电磁学 , 电动力学 | |
| 电子资源: | ||
| ISBN: | 7-03-007129-8 | |
| 000 | 00547nam0 2200193 450 | |
| 001 | 0756296371 | |
| 005 | 20070924153816.37 | |
| 010 | @a7-03-007129-8@d¥28.00 | |
| 100 | @a20070924d km y0chiy0120 ea | |
| 101 | 0 | @achi |
| 200 | 1 | @a电动力学题解@Adian dong li xue ti jie@f张之翔 编著@Fzhang zhi xiang bian zhu |
| 210 | @a北京@c科学出版社@d1999.80 | |
| 215 | @a543@d16开 | |
| 606 | 0 | @a电磁学 |
| 606 | 0 | @a电动力学 |
| 690 | @aO442-44@v3 | |
| 701 | 0 | @a张之翔@Azhang zhi xiang@4编著 |
| 801 | 0 | @aCN@bPFT@c20070924 |
| 905 | @a213230@dO442-44@ezy4@f1 | |
| 电动力学题解/张之翔 编著.-北京:科学出版社,1999.80 |
| 543;16开 |
| ISBN 7-03-007129-8:¥28.00 |
| ● |
| 相关链接 |
|
|
|
|
正题名:电动力学题解
索取号:O442-44/zy4
 
预约/预借
| 序号 | 登录号 | 条形码 | 馆藏地/架位号 | 状态 | 备注 |
| 1 | 7901488 | 279014889 | 密集书库-资源管理系/ [索取号:O442-44/zy4] | 在馆 | |
| 2 | 7901489 | 279014898 | 密集书库-资源管理系/ [索取号:O442-44/zy4] | 在馆 | |
| 3 | 7901490 | 279014905 | 密集书库-资源管理系/ [索取号:O442-44/zy4] | 在馆 | |
| 4 | 7901491 | 279014914 | 密集书库-资源管理系/ [索取号:O442-44/zy4] | 在馆 | |
| 5 | 7901492 | 279014923 | 密集书库-资源管理系/ [索取号:O442-44/zy4] | 在馆 | |
| 6 | 7901493 | 279014932 | 密集书库-资源管理系/ [索取号:O442-44/zy4] | 在馆 |